Countries That produce The Most Pollution - Statistics

General Stats
  • This quiz has been taken 21 times
  • The average score is 12 of 15
Answer Stats
CO2 emissions Country % Correct
5.41GT United States
100%
10.06GT China
95%
2.65GT India
95%
0.56GT Canada
89%
0.75GT Germany
89%
1.16GT Japan
89%
1.71GT Russia
89%
0.45GT Brazil
84%
0.65GT South Korea
84%
0.47GT Mexico
79%
0.61GT Indonesia
74%
0.62GT Saudi Arabia
74%
0.72GT Iran
68%
0.42GT Turkey
63%
0.46GT South Africa
32%
No matching quizzes found
Score Distribution
Percent of People with Each Score
Percentile by Number Answered
Your Score History
You have not taken this quiz